Restaurants Logos Quiz - Statistics

General Stats
  • This quiz has been taken 1,070 times
  • The average score is 10 of 12
Answer Stats
Picture Answer % Correct
Burger King
99%
KFC
99%
Mc Donald's
99%
Starbucks
99%
Dunkin' Donuts
97%
Subway
95%
Domino's
94%
Taco Bell
94%
Pizza Hut
93%
Baskin Robbins
81%
Sbarro
17%
Kwality Walls
5%
No matching quizzes found
Score Distribution
Percent of People with Each Score
Percentile by Number Answered
Your Score History
You have not taken this quiz